000 00348nam a2200133Ia 4500
008 240624s9999 xx 000 0 und d
041 _aeng
082 _a006.76 KEN
100 _aKENT DAN
245 _aASP NET EVOLUTION EXPLORE MODIFY AND EXT
260 _c2004
_aNew Delhi
_bPearson Education
300 _aix, : 361 : p.: : 24 : cm.
365 _cRS
999 _c3040
_d3040